000 00673nam a2200217Ia 4500
005 20250508160710.0
008 008 250505s9999 xx 000 0 eng d
020 _a0-435-80025-6
037 _aTextual
040 _aFEDL
_beng
_cFEDL
041 _aeng
_2eng
084 _a370, AND
_qFEDL
100 _aAnderson Hugh Ed.
_9769140
245 0 _aEducation for the seventies: Transcriptions of the Cambridge Union teach - in
260 _aLondon, UK
_bHeinemann Educational Book Ltd
_c1970
300 _axiv,134p
650 _aEducation
700 _a Hipkin John Ed. Plaskow Maurice Ed.
_9769141
942 _cTEXL
_h370, AND
999 _c1366107
_d1366107